[Event "christmas chess party tournament"]
[Site "SchemingMind.com"]
[Date "2014.01.02"]
[Round "-"]
[White "alexyongpohweng"]
[Black "maro"]
[Result "0-1"]
[WhiteCountry "MAS"]
[BlackCountry "MEX"]
[WhiteElo "1329"]
[WhiteRD "44"]
[BlackElo "1442"]
[BlackRD "56"]
[GameID "344502"]

1. e4 e5 2. Qh5 d6 3. Bc4 g6 4. Qf3 Nf6 5. Nc3 Qe7 6. a3 Be6 7. Bxe6 Qxe6 8. Nb5 Qe7 9. Nc3 Bg7 10. Nge2 O-O
11. O-O Nc6 12. b3 Nd4 13. Qd3 c5 14. Nxd4 cxd4 15. Nd5 Nxd5 16. exd5 Bh6 17. Qf3 Rac8 18. d3 Bxc1 19. Raxc1 Rc3 20. Qe2 a5
21. Rb1 b5 22. Rb2 a4 23. bxa4 bxa4 24. Ra2 Qb7 25. Qe4 Rfc8 26. f3 Rxc2 27. Rxc2 Rxc2 28. Ra1 Qb2 29. Qg4 Qxa1#
0-1

[Event "christmas chess party tournament"]
[Site "SchemingMind.com"]
[Date "2013.12.30"]
[Round "-"]
[White "Simon Green"]
[Black "SAMAEL"]
[Result "0-1"]
[WhiteCountry "ENG"]
[BlackCountry "CAN"]
[WhiteElo "1591"]
[WhiteRD "55"]
[BlackElo "1737"]
[BlackRD "65"]
[GameID "344503"]

1. d4 d5 2. e3 Nf6 3. Bd3 Nc6 4. f4 e6 5. Nf3 h6 6. O-O Be7 7. c3 O-O 8. Nbd2 a6 9. Ne5 Bd7 10. Ndf3 Ne4
11. Bxe4 dxe4 12. Nxc6 Bxc6 13. Ne5 Bd7 14. b3 Rc8 15. a4 f5 16. Ng6 Rf6 17. Ne5 Be8 18. h3 Bd6 19. g4 Bxe5 20. fxe5 Rf8
21. Bd2 Qg5 22. Rf4 h5 23. Kh2 hxg4 24. hxg4 g6 25. Kg3 Kg7 26. Qe2 Rh8 27. Kg2 Qh4 28. Be1 Qh2+
0-1

[Event "christmas chess party tournament"]
[Site "SchemingMind.com"]
[Date "2014.01.03"]
[Round "-"]
[White "maro"]
[Black "alexyongpohweng"]
[Result "1-0"]
[WhiteCountry "MEX"]
[BlackCountry "MAS"]
[WhiteElo "1442"]
[WhiteRD "56"]
[BlackElo "1329"]
[BlackRD "44"]
[GameID "344506"]

1. e4 e5 2. d4 exd4 3. Qxd4 Nc6 4. Qe3 Nf6 5. e5 Nd5 6. Qe4 Nde7 7. Bg5 b6 8. Bc4 Bb7 9. Qf4 d5 10. Bxd5 Kd7
11. Qg4+ Ke8 12. e6 Qd6 13. exf7+ Kd8 14. Nc3 Bc8 15. Qf3 Kd7 16. Bxe7 Nxe7 17. Bxa8 c6 18. Rd1 Nd5 19. Nge2 Kc7 20. Nxd5+ cxd5
21. Rxd5 Qe6 22. Qc3+ Kb8 23. Rd8 Qxf7 24. Rxc8#
1-0

[Event "christmas chess party tournament"]
[Site "SchemingMind.com"]
[Date "2013.12.31"]
[Round "-"]
[White "SAMAEL"]
[Black "Simon Green"]
[Result "1-0"]
[WhiteCountry "CAN"]
[BlackCountry "ENG"]
[WhiteElo "1737"]
[WhiteRD "65"]
[BlackElo "1591"]
[BlackRD "55"]
[GameID "344507"]

1. e4 e6 2. Nf3 d5 3. exd5 exd5 4. d4 Be7 5. Be2 Nf6 6. O-O O-O 7. Nc3 Nc6 8. h3 Be6 9. Be3 a6 10. a3 Bd6
11. Qd2 Ne4 12. Nxe4 f5 13. Nxd6 cxd6 14. c3 Qf6 15. Rae1 f4 16. Bd1 fxe3 17. Qxe3 Rae8 18. Qg5 Qxg5 19. Nxg5 Bf5 20. Be2 h6
21. Nf3 Be4 22. Nd2 Bf5 23. f4 Ne7 24. g4 Be4 25. f5 b5 26. Nxe4 dxe4 27. a4 bxa4 28. Ra1 Rb8 29. Rfb1 d5 30. Rxa4 Rb6
31. Rxa6 Rxa6 32. Bxa6 g6 33. fxg6 Nxg6 34. Rf1 Nf4 35. Kh2 Nd3 36. Rxf8+ Kxf8 37. b4 Ke8 38. Kg3 Kd7 39. Bxd3 Kc6 40. Bxe4 dxe4
41. Kf4
1-0

[Event "christmas chess party tournament"]
[Site "SchemingMind.com"]
[Date "2013.12.31"]
[Round "-"]
[White "Manfred Kraut"]
[Black "wight knight"]
[Result "1-0"]
[WhiteCountry "GER"]
[BlackCountry "ENG"]
[WhiteElo "1464"]
[WhiteRD "69"]
[BlackElo "1331"]
[BlackRD "53"]
[GameID "344574"]

1. d4 e6 2. Nf3 f6 3. e3 b6 4. Bd3 Bb7 5. O-O Bxf3 6. Qxf3 Nc6 7. b3 Nb4 8. Qh5+ g6 9. Bxg6+ hxg6 10. Qxh8 Nh6
11. Ba3 a5 12. c3 Nc2 13. Qxf8#
1-0

[Event "christmas chess party tournament"]
[Site "SchemingMind.com"]
[Date "2014.01.01"]
[Round "-"]
[White "Ronald R. Nurmi"]
[Black "poisonpawn1"]
[Result "0-1"]
[WhiteCountry "USA"]
[BlackCountry "ENG"]
[WhiteElo "1671"]
[WhiteRD "80"]
[BlackElo "1584"]
[BlackRD "78"]
[GameID "344575"]

1. d4 d5 2. Bf4 Bf5 3. c4 Nf6 4. Nc3 Nc6 5. e3 e6 6. Nf3 Bb4 7. a3 Bxc3+ 8. bxc3 O-O 9. Be2 Ne4 10. Rc1 dxc4
11. Bxc4 Qe7 12. Qb3 g5 13. Bg3 Rab8 14. O-O h5 15. h3 Kg7 16. Bh2 g4 17. hxg4 hxg4 18. Ne1 Rh8 19. g3 Qg5 20. f4 gxf3
21. Rxf3 Rxh2 22. Kxh2 Rh8+ 23. Kg2 Qh5
0-1

[Event "christmas chess party tournament"]
[Site "SchemingMind.com"]
[Date "2014.01.01"]
[Round "-"]
[White "wight knight"]
[Black "Manfred Kraut"]
[Result "0-1"]
[WhiteCountry "ENG"]
[BlackCountry "GER"]
[WhiteElo "1331"]
[WhiteRD "53"]
[BlackElo "1464"]
[BlackRD "69"]
[GameID "344580"]

1. e4 c5 2. Bc4 Nc6 3. c3 g6 4. d3 Bg7 5. Nf3 d6 6. O-O Nf6 7. h3 O-O 8. Bg5 a6 9. Bxf6 Bxf6 10. h4 e6
11. g4 Bxh4 12. g5 Bxg5 13. Nbd2 e5 14. Nh2 Bh3 15. Re1 Be3 16. Rxe3 Qg5+ 17. Rg3 Qh6 18. Qf3 Qxd2 19. Rxh3 Qxb2 20. Rf1 Qxc3
21. Qf6 Nd4 22. Qxd6 Rad8 23. Qxc5 Ne2+ 24. Kh1 Kg7 25. Qe3 Nf4 26. d4 Qxe3 27. fxe3 Nxh3 28. dxe5 Ng5 29. Rf4 Rd1+ 30. Nf1 Nxe4
31. Rxe4 f5 32. Rf4 Re8 33. Be2 Ra1 34. Rb4 Rxa2 35. Rxb7+ Kh6 36. Rb6 Rxe2 37. Rxa6 Rxe5 38. Ra4 Re1 39. Kg2 Kg5 40. Kf2 Rb1
41. Nd2 Rb2 42. Ke2 h5 43. Ke1 Rxe3+ 44. Kd1 f4 45. Ne4+ Kg4 46. Nf6+ Kf3 47. Rd4 Rg2 48. Rd2 Rxd2+ 49. Kxd2 h4 50. Nh7 h3
51. Ng5+ Kg2 52. Kd1 h2 53. Ne6 h1=Q+ 54. Kd2 Qe1+ 55. Kc2 Qf2+ 56. Kd1 Re1#
0-1

[Event "christmas chess party tournament"]
[Site "SchemingMind.com"]
[Date "2014.01.01"]
[Round "-"]
[White "poisonpawn1"]
[Black "Ronald R. Nurmi"]
[Result "1-0"]
[WhiteCountry "ENG"]
[BlackCountry "USA"]
[WhiteElo "1584"]
[WhiteRD "78"]
[BlackElo "1671"]
[BlackRD "80"]
[GameID "344581"]

1. Nf3 d5 2. d4 c6 3. Nc3 Nf6 4. Bf4 Bf5 5. e3 e6 6. Bd3 Bxd3 7. cxd3 Nbd7 8. O-O Be7 9. h3 O-O 10. Qe2 c5
11. dxc5 Nxc5 12. Rfc1 Rc8 13. Rc2 Qb6 14. Rac1 Rc6 15. Nd4 Rcc8 16. Bg5 Qd6 17. Na4 b6 18. b4 Nxa4 19. Rxc8 Qxb4 20. Nc6 Qa3
21. Nxe7+ Qxe7 22. Rxf8+ Qxf8 23. Bxf6 gxf6 24. Qg4+
1-0

[Event "christmas chess party tournament"]
[Site "SchemingMind.com"]
[Date "2014.01.02"]
[Round "-"]
[White "Phillip Beckett"]
[Black "klapa"]
[Result "1-0"]
[WhiteCountry "ENG"]
[BlackCountry "POL"]
[WhiteElo "1562"]
[WhiteRD "50"]
[BlackElo "1511"]
[BlackRD "77"]
[GameID "344669"]

1. e4 e5 2. Nf3 Nc6 3. Bb5 Nd4 4. Nxd4 exd4 5. O-O c6 6. Be2 Nf6 7. d3 Bc5 8. c3 d5 9. exd5 Qxd5 10. Bf3 Qe5
11. Re1 Qxe1+ 12. Qxe1+ Be7 13. Bg5 O-O 14. Nd2 dxc3 15. bxc3 Bd6 16. Bxf6 Be6 17. Bh4 Rae8 18. Ne4 Be5 19. d4 Bf5 20. Qb1 Bf4
21. Bg3 Bh6 22. Nf6+ Kh8 23. Qxf5 gxf6 24. Qxf6+ Bg7 25. Qh4 b5 26. Be5 f6 27. Bd6 Rf7 28. Bxc6 Re6 29. Qg3 a6 30. Bd5 Rxd6
31. Qxd6 a5 32. Bxf7 Bh6 33. Qd8+ Kg7 34. Qg8#
1-0

[Event "christmas chess party tournament"]
[Site "SchemingMind.com"]
[Date "2014.01.02"]
[Round "-"]
[White "klapa"]
[Black "Phillip Beckett"]
[Result "0-1"]
[WhiteCountry "POL"]
[BlackCountry "ENG"]
[WhiteElo "1511"]
[WhiteRD "77"]
[BlackElo "1562"]
[BlackRD "50"]
[GameID "344674"]

1. d4 e5 2. dxe5 Qe7 3. Nf3 Nc6 4. Qd5 Qb4+ 5. Bd2 Qb6 6. Nc3 Qxb2 7. Rb1 Qxc2 8. Ng5 Nd8 9. e3 Ne7 10. Qe4 Qxe4
11. Ncxe4 h6 12. Nf3 Ndc6 13. Nd4 Nxd4 14. exd4 Ng6 15. Bc4 Be7 16. O-O O-O 17. Rb3 b6 18. Rf3 Bb7 19. Bxf7+ Rxf7 20. Rxf7 Kxf7
21. Ng3 Kg8 22. a3 Bxa3 23. h3 Be7 24. Nf5 Bf8 25. Ne3 a5 26. d5 Nxe5 27. Re1 Bc5 28. Re2 a4 29. Bc3 d6 30. f4 Ng6
31. g3 Re8 32. Kf2 Rxe3 33. Rxe3 Bxe3+ 34. Kxe3 Bxd5 35. Kd4 Bg2 36. h4 Ne7 37. g4 Bf3 38. g5 Nf5+ 39. Kc4 Bd1 40. Kb5 a3
41. Ka6 a2 42. Kb7 d5 43. Kxc7 d4 44. Bb2 d3 45. Kxb6 d2 46. Bc3 Be2 47. gxh6 d1=Q 48. hxg7 Qd6+ 49. Ka5 Qc5+ 50. Ka4 Bd1#
0-1

[Event "christmas chess party tournament"]
[Site "SchemingMind.com"]
[Date "2014.01.04"]
[Round "-"]
[White "lollipophugo"]
[Black "ray winteringham"]
[Result "1-0"]
[WhiteCountry "AUS"]
[BlackCountry "ENG"]
[WhiteElo "1804"]
[WhiteRD "120"]
[BlackElo "1405"]
[BlackRD "55"]
[GameID "344862"]

1. d4 Nf6 2. c4 g6 3. Nc3 Bg7 4. e4 d6 5. Nf3 c6 6. Be2 O-O 7. O-O Nbd7 8. Be3 b6 9. Rc1 Bb7 10. c5 bxc5
11. dxc5 Nxc5 12. e5 Nd5 13. Nxd5 cxd5 14. exd6 Qxd6 15. Bxc5 Qf6 16. Bd4 Qd6 17. Bxg7 Kxg7 18. Qd4+ Kg8 19. Ne5 f6 20. Ng4 Kg7
21. f4 Rf7 22. f5 g5 23. Ne3 e5 24. fxe6 Qxe6 25. Bh5 Re7 26. Nf5+ Kf8 27. Nxe7 Qxe7 28. Rxf6+
1-0

[Event "christmas chess party tournament"]
[Site "SchemingMind.com"]
[Date "2014.01.05"]
[Round "-"]
[White "David Hartley"]
[Black "Diophantus"]
[Result "1-0"]
[WhiteCountry "ENG"]
[BlackCountry "ENG"]
[WhiteElo "1797"]
[WhiteRD "68"]
[BlackElo "1592"]
[BlackRD "104"]
[GameID "344863"]

1. e4 e5 2. f4 d5 3. exd5 exf4 4. Nf3 Nf6 5. Bb5+ c6 6. dxc6 Nxc6 7. d4 Bd6 8. O-O O-O 9. Nbd2 Bc7 10. Bxc6 bxc6
11. Nb3 Re8 12. Ne1 Bg4 13. Nf3 Qd5 14. Qd3 Bf5 15. Qd1 Bg4 16. c3 Ne4 17. Qc2 f6 18. Ne1 g5 19. Nf3 Bf5 20. Qd1 Re6
21. Nbd2 Rae8 22. Nxe4 Bxe4 23. Bd2 g4 24. Nh4
1-0

[Event "christmas chess party tournament"]
[Site "SchemingMind.com"]
[Date "2014.01.06"]
[Round "-"]
[White "emvarela"]
[Black "nofischer"]
[Result "0-1"]
[WhiteCountry "ARG"]
[BlackCountry "USA"]
[WhiteElo "1674"]
[WhiteRD "46"]
[BlackElo "1519"]
[BlackRD "86"]
[GameID "344864"]

1. e4 e5 2. Nf3 d6 3. d4 exd4 4. c3 Nf6 5. Bg5 a6 6. Nxd4 c5 7. Nb3 b6 8. Bc4 Nc6 9. Bd5 Bb7 10. Bxf6 Qxf6
11. Bxc6+ Bxc6 12. N1d2 Be7 13. O-O O-O 14. f3 Bd7 15. Re1 Ba4 16. Qe2 Bd7 17. a4 Qg6 18. Nf1 Bh3 19. Ng3 Be6 20. Nd2 Bh4
21. Ndf1 Rfe8 22. Red1 Bb3
0-1

[Event "christmas chess party tournament"]
[Site "SchemingMind.com"]
[Date "2014.01.04"]
[Round "-"]
[White "ray winteringham"]
[Black "lollipophugo"]
[Result "0-1"]
[WhiteCountry "ENG"]
[BlackCountry "AUS"]
[WhiteElo "1405"]
[WhiteRD "55"]
[BlackElo "1804"]
[BlackRD "120"]
[GameID "344873"]

1. e4 c5 2. b4 cxb4 3. d4 d5 4. e5 Nc6 5. Nf3 Bg4 6. Be2 e6 7. h3 Bxf3 8. Bxf3 Nge7 9. O-O Nf5 10. Bb2 Qb6
11. c3 bxc3 12. Bxc3 Nfxd4 13. Qa4 Nxf3+ 14. gxf3 Bb4 15. Rc1 O-O 16. f4 Rfc8 17. Nd2 Qa5 18. Qb3 Qa3 19. Qc2 Nd4 20. Qd3 Rxc3
21. Rxc3 Qxc3 22. Qxc3 Bxc3 23. Rd1 Bxd2 24. Rxd2 Nf3+
0-1

[Event "christmas chess party tournament"]
[Site "SchemingMind.com"]
[Date "2014.01.04"]
[Round "-"]
[White "Diophantus"]
[Black "David Hartley"]
[Result "0-1"]
[WhiteCountry "ENG"]
[BlackCountry "ENG"]
[WhiteElo "1592"]
[WhiteRD "104"]
[BlackElo "1797"]
[BlackRD "68"]
[GameID "344874"]

1. d4 d5 2. c4 e6 3. Nc3 Nf6 4. cxd5 exd5 5. Bg5 Nbd7 6. e3 c6 7. Qc2 Be7 8. Bd3 O-O 9. Nge2 h6 10. Bh4 Re8
11. f3 Nf8 12. O-O c5 13. Bxf6 Bxf6 14. dxc5 Rxe3 15. Rad1 Be7 16. Nxd5 Re5 17. Be4 Qa5 18. b4 Qd8 19. Nb6 axb6 20. Rxd8 Bxd8
21. c6 Ra7 22. Rd1 Ne6 23. Nf4 Bc7
0-1

[Event "christmas chess party tournament"]
[Site "SchemingMind.com"]
[Date "2014.01.04"]
[Round "-"]
[White "nofischer"]
[Black "emvarela"]
[Result "0-1"]
[WhiteCountry "USA"]
[BlackCountry "ARG"]
[WhiteElo "1421"]
[WhiteRD "86"]
[BlackElo "1753"]
[BlackRD "48"]
[GameID "344875"]

1. e4 e5 2. f4 exf4 3. Nf3 Nf6 4. Qe2 Qe7 5. e5 Ng4 6. d4 d6 7. Bxf4 dxe5 8. dxe5 Qb4+ 9. c3 Qxf4 10. Qd2 Qxd2+
11. Nbxd2 Bc5 12. Ne4 Be3 13. h4 Nc6 14. Bb5 Bd7 15. Bxc6 Bxc6 16. Ng3 Bxf3 17. gxf3 Bf2+ 18. Kf1 Bxg3 19. fxg4 Bxe5 20. Re1 f6
21. Rh3 Kf7 22. Rf3 Rhe8 23. g5 h6 24. Re2 Rad8 25. g6+ Kxg6 26. h5+ Kxh5 27. Rh3+ Kg6 28. Rg2+ Kh7 29. Rg1 Rd1+ 30. Kf2 Rd2+
31. Ke3 Rxb2 32. Kf3 Bxc3 33. Kf4 Bd2+ 34. Kg4 Rb4+ 35. Kg3 Re3+ 36. Kh2 Rb2 37. Rg2 Rxh3+ 38. Kxh3 c5 39. a4 Rb3+ 40. Kg4 Bg5
41. Rc2 Kg6 42. Rxc5 h5#
0-1

[Event "christmas chess party tournament"]
[Site "SchemingMind.com"]
[Date "2014.01.21"]
[Round "-"]
[White "Phillip Beckett"]
[Black "lollipophugo"]
[Result "0-1"]
[WhiteCountry "ENG"]
[BlackCountry "AUS"]
[WhiteElo "1543"]
[WhiteRD "52"]
[BlackElo "1859"]
[BlackRD "110"]
[GameID "346149"]

1. e4 c5 2. Nf3 d6 3. d4 cxd4 4. Nxd4 Nf6 5. Nc3 a6 6. Bg5 Nbd7 7. f4 e6 8. Bc4 Qb6 9. Bb3 Be7 10. Qd2 Nc5
11. O-O-O Nfxe4 12. Nxe4 Nxe4 13. Qe3 Nxg5 14. fxg5 O-O 15. h4 e5 16. Nf5 Qxe3+ 17. Nxe3 Be6 18. Nd5 Bd8 19. Kb1 b5 20. Rdg1 Rc8
21. c3 a5 22. Ne3 Bb6 23. Re1 a4 24. Bxe6 fxe6 25. Ng4 Rc4 26. Ne3 Re4 27. Nc2 Rg4 28. Ne3 Bxe3 29. Rxe3 Rxg2 30. h5 Rff2
31. b3 Rb2+ 32. Kc1 Rxa2 33. Kb1 Rgb2+ 34. Kc1 a3 35. Rhe1 Ra1#
0-1

[Event "christmas chess party tournament"]
[Site "SchemingMind.com"]
[Date "2014.01.21"]
[Round "-"]
[White "lollipophugo"]
[Black "Phillip Beckett"]
[Result "1-0"]
[WhiteCountry "AUS"]
[BlackCountry "ENG"]
[WhiteElo "1859"]
[WhiteRD "110"]
[BlackElo "1543"]
[BlackRD "52"]
[GameID "346151"]

1. d4 d5 2. c4 e6 3. Nc3 Nf6 4. cxd5 Nxd5 5. e4 Nxc3 6. bxc3 c5 7. Nf3 cxd4 8. cxd4 Bb4+ 9. Bd2 Qa5 10. Rb1 Bxd2+
11. Qxd2 Qxd2+ 12. Kxd2 Nc6 13. Bb5 Bd7 14. Rhc1 Rc8 15. d5 exd5 16. exd5 Ne7 17. Rxc8+ Nxc8 18. Bxd7+ Kxd7 19. Rxb7+ Kd6 20. Rxf7 Kxd5
21. Rxg7 h5 22. h4 Ke4 23. Rg5 Nd6 24. Re5+ Kf4 25. Ke2 Rb8 26. g3+ Kg4 27. Rg5+ Kh3 28. Rxh5 Rb2+ 29. Ke3 Nc4+ 30. Kd4 Nb6
31. Ra5 Rb4+ 32. Kc3 Rc4+ 33. Kd3 Ra4 34. Rxa4 Nxa4 35. h5
1-0

[Event "christmas chess party tournament"]
[Site "SchemingMind.com"]
[Date "2014.02.24"]
[Round "-"]
[White "poisonpawn1"]
[Black "SAMAEL"]
[Result "1-0"]
[WhiteCountry "ENG"]
[BlackCountry "CAN"]
[WhiteElo "1794"]
[WhiteRD "76"]
[BlackElo "1752"]
[BlackRD "56"]
[GameID "348516"]

1. c4 c5 2. Nc3 e5 3. g3 Nf6 4. d3 d6 5. Nf3 Nc6 6. Bg2 Be7 7. O-O O-O 8. Bg5 h6 9. Bxf6 Bxf6 10. Nd5 Be7
11. e3 Bd7 12. Nd2 Re8 13. a3 Rb8 14. b4 b6 15. Rb1 Bf8 16. Qh5 Ne7 17. Nxe7+ Qxe7 18. Bd5 Be6 19. Qf3 Bxd5 20. cxd5 f6
21. e4 Rec8 22. b5 Qe8 23. Nc4 Qg6 24. Rfc1 Rd8 25. a4 Qf7 26. Kg2 Qg6 27. h4 Qf7 28. h5 Kh8 29. Rb2 Be7 30. Ra1 Bf8
31. a5 Qd7 32. axb6 axb6 33. Ra6 Qc7 34. Qf5 Rb7 35. Rba2 Rdb8 36. Qe6 Qe7 37. Qxe7 Bxe7 38. Ra8 Kg8 39. R2a7 Kf8 40. Rxb7 Rxa8
41. Rxb6 Rd8 42. Rb7 Ke8 43. b6 Rd7 44. Ra7 Bd8 45. b7 Bc7 46. Na5
1-0

[Event "christmas chess party tournament"]
[Site "SchemingMind.com"]
[Date "2014.02.26"]
[Round "-"]
[White "SAMAEL"]
[Black "poisonpawn1"]
[Result "0-1"]
[WhiteCountry "CAN"]
[BlackCountry "ENG"]
[WhiteElo "1720"]
[WhiteRD "55"]
[BlackElo "1706"]
[BlackRD "80"]
[GameID "348517"]

1. e4 e5 2. Nf3 Nc6 3. Be2 Nf6 4. d3 d5 5. exd5 Nxd5 6. Bd2 Be7 7. O-O O-O 8. Nc3 Be6 9. Re1 Qd7 10. Bf1 f6
11. a3 Nxc3 12. Bxc3 Bc5 13. Bd2 Rad8 14. Qe2 Rfe8 15. Be3 Bb6 16. Bxb6 axb6 17. Rad1 Bf7 18. Nd2 Nd4 19. Qe4 Nxc2 20. Re2 Bd5
21. Qh4 Nd4 22. Ree1 Qb5 23. b4 Qa4 24. Nb1 c6 25. Rd2 Bf7 26. Qg4 Re7 27. Qd1 Qa7 28. f4 Rde8 29. fxe5 Rxe5 30. Rxe5 Rxe5
31. Rf2 b5 32. Qd2 h5 33. Kh1 Nb3 34. Qf4 Be6 35. Re2 Rf5
0-1

[Event "christmas chess party tournament"]
[Site "SchemingMind.com"]
[Date "2014.04.06"]
[Round "-"]
[White "Manfred Kraut"]
[Black "David Hartley"]
[Result "0-1"]
[WhiteCountry "GER"]
[BlackCountry "ENG"]
[WhiteElo "1459"]
[WhiteRD "68"]
[BlackElo "1822"]
[BlackRD "66"]
[GameID "354361"]

1. d4 d5 2. Nf3 Nf6 3. e3 c5 4. c4 e6 5. Bd3 Nc6 6. O-O Bd6 7. Nbd2 O-O 8. b3 Qb6 9. Bb2 Bd7 10. Ne5 cxd4
11. Nxd7 Nxd7 12. cxd5 exd5 13. exd4 Nf6 14. Nf3 Rae8 15. Re1 Rxe1+ 16. Qxe1 Re8 17. Qd2 Qd8 18. Bb5 a6 19. Bd3 Re7 20. a4 Qe8
21. Ba3 Bxa3 22. Rxa3 Ne4 23. Qf4 Nf6 24. Qh4 Nb4 25. h3 Nxd3 26. a5 Nb4 27. g4 Re4 28. Ra4 Nc6 29. Kg2 Qd7 30. Ne5 Nxe5
31. dxe5 Rxe5 32. g5 Ne4 33. f4 Rf5 34. Rd4 Qd6 35. Qe1 Qxf4
0-1

[Event "christmas chess party tournament"]
[Site "SchemingMind.com"]
[Date "2014.04.07"]
[Round "-"]
[White "David Hartley"]
[Black "Manfred Kraut"]
[Result "1-0"]
[WhiteCountry "ENG"]
[BlackCountry "GER"]
[WhiteElo "1822"]
[WhiteRD "66"]
[BlackElo "1459"]
[BlackRD "68"]
[GameID "354362"]

1. e4 c5 2. c3 Nc6 3. d4 cxd4 4. cxd4 g6 5. d5 Ne5 6. Bf4 d6 7. Be2 Bg7 8. Nc3 Nf6 9. Nf3 O-O 10. Nxe5 dxe5
11. Bxe5 b6 12. O-O a5 13. Qd2 Ba6 14. Rfe1 Bxe2 15. Rxe2 Ng4 16. Bxg7 Kxg7 17. Qg5 Nf6 18. Rd1 h6 19. Qd2 Qd6 20. e5 Qb4
21. exf6+ exf6 22. Qd3 Rad8 23. d6 Rd7 24. Qb5 Qxb5 25. Nxb5 f5 26. Rc1 g5 27. Rc7 Rxc7 28. dxc7 Rc8 29. Rd2 Kg6 30. Rd8
1-0

[Event "christmas chess party tournament"]
[Site "SchemingMind.com"]
[Date "2014.05.24"]
[Round "-"]
[White "nofischer"]
[Black "maro"]
[Result "0-1"]
[WhiteCountry "USA"]
[BlackCountry "MEX"]
[WhiteElo "1405"]
[WhiteRD "89"]
[BlackElo "1425"]
[BlackRD "52"]
[GameID "358738"]

1. e4 e5 2. f4 exf4 3. Nf3 Nc6 4. a3 Be7 5. d4 d5 6. e5 Be6 7. Bb5 Qd7 8. Bxf4 a6 9. Be2 Bf5 10. O-O Na5
11. c3 c5 12. Be3 c4 13. Bg5 Bxg5 14. Nbd2 Bxd2 15. Nxd2 Ne7 16. Nf3 O-O 17. g3 Nb3 18. Ra2 Qc6 19. Nh4 Bh3 20. Rf4 Ng6
21. Rf2 Nxh4 22. Bf1 Bxf1 23. Kxf1 Ng6 24. h4 Qe6 25. Kg2 b5 26. a4 bxa4 27. Rxa4 Qd7 28. Ra3 f6 29. h5 Ne7 30. Rf4 fxe5
31. Rg4 e4 32. Qe2 Rf7 33. Rh4 Raf8 34. Rf4 Rxf4
0-1

[Event "christmas chess party tournament"]
[Site "SchemingMind.com"]
[Date "2014.05.24"]
[Round "-"]
[White "maro"]
[Black "nofischer"]
[Result "0-1"]
[WhiteCountry "MEX"]
[BlackCountry "USA"]
[WhiteElo "1425"]
[WhiteRD "52"]
[BlackElo "1405"]
[BlackRD "89"]
[GameID "358739"]

1. e4 e5 2. Nc3 Nf6 3. Bc4 Bc5 4. Nh3 h6 5. O-O O-O 6. d3 d5 7. exd5 Bxh3 8. Qf3 Bg4 9. Qg3 Bd6 10. Ne4 Nbd7
11. h3 Bh5 12. Bxh6 Bg6 13. Bg5 Nh5 14. Qh4 Nhf6 15. Rae1 Be7 16. d4 Re8 17. Re3 c5 18. Rf3 Nxe4 19. Bxe7 Rxe7 20. Rd1 Nd6
21. Bd3 e4 22. Bxe4 Nxe4
0-1

[Event "christmas chess party tournament"]
[Site "SchemingMind.com"]
[Date "2014.06.18"]
[Round "-"]
[White "poisonpawn1"]
[Black "David Hartley"]
[Result "1-0"]
[WhiteCountry "ENG"]
[BlackCountry "ENG"]
[WhiteElo "1911"]
[WhiteRD "73"]
[BlackElo "1800"]
[BlackRD "61"]
[GameID "360160"]

1. e4 e5 2. f4 exf4 3. Nf3 h6 4. d4 g5 5. Nc3 d6 6. g3 fxg3 7. hxg3 Nc6 8. Bxg5 Be7 9. Bf4 Bg4 10. Bb5 Bd7
11. d5 Nb8 12. Qd4 f6 13. O-O-O c6 14. dxc6 Nxc6 15. Qd5 Qc7 16. Qh5+ Kf8 17. Nd5 Qd8 18. Nxe7 Ncxe7 19. Rxd6 Qe8 20. Rxd7 a6
21. Bc4 Qxh5 22. Rxh5 b5 23. Be6 Ke8 24. Rc7 Ng6 25. Bf7+ Kd8 26. Rd5#
1-0

[Event "christmas chess party tournament"]
[Site "SchemingMind.com"]
[Date "2014.06.18"]
[Round "-"]
[White "David Hartley"]
[Black "poisonpawn1"]
[Result "0-1"]
[WhiteCountry "ENG"]
[BlackCountry "ENG"]
[WhiteElo "1800"]
[WhiteRD "61"]
[BlackElo "1911"]
[BlackRD "73"]
[GameID "360161"]

1. e4 e5 2. Nf3 Nf6 3. d4 Nxe4 4. Nxe5 d5 5. Bd3 Nd7 6. Nxd7 Bxd7 7. O-O Bd6 8. c4 c6 9. c5 Bc7 10. Re1 f5
11. f3 Qh4 12. g3 Bxg3 13. hxg3 Qxg3+ 14. Kh1 O-O 15. fxe4 Qh4+ 16. Kg1 fxe4 17. Bf1 Rf2 18. Bf4 Qxf4
0-1